000 00527nmm a2200157Ia 4500
008 251105s9999||||xx |||||||||||||||||und||
041 _aspa
100 _aZamora Bonilla, Jesús
245 0 _aCiencia pública-ciencia privada :
_b Reflexiones sobre la producción del saber científico
264 _a[México D.C., Mexico] :
_bFondo de Cultura Económica,
_c2016
300 _a240 páginas
490 _aCiencia y Tecnología
650 _aSciences
856 _uhttps://public.digitaliapublishing.com/a/64115
942 _cCF
999 _c98715
_d98715